00695cam a22002057a 450000100100000000500170001000800410002704000250006808200240009310000410011724500260015825000110018426000330019530000210022844000370024965000300028665000310031695201270034799900150047400000151420200929145614.0721130s1967 sp 000 1 spa  aDO-SdBNPbspacBNPHU a863.44bG491c, 19671 aGiménez Arnau, Jose Antonio.9499913aLa cueva de ladrones. a2a ed. aBarcelona :bDestino,c1967. a291 p. ;c19 cm. 0aÁncora y Delfín ;v27995000 4aCuentos españoles93194 4aLiteratura española9632 001052708MOaGRbGRcHDd2009-09-04iLF1l0o863.44 G491c, 1967p1514-10r2020-06-25w2020-06-25y2ZPréstamo interno c1418d1418